• 首页
  • 本馆介绍
  • 公告通知
  • 最新文献
  • 馆藏检索
  • 电子资源
  • 读者导购
  • 参考咨询
  • 我的图书馆
  • 登录
  • 详细信息显示
  • 放入我的书架
  • 预约/预借图书
  • 作者相关作品
  • 分类相关作品
  • 丛书相关作品
  • 出版社相关作品

书目信息

  • 表格格式
  • 工作单格式
  • 卡片格式
题名:
漫步, 遇见地道的台北生活
    
 
作者: 叶锦鸿 著
分册:  
出版信息: 北京   电子工业出版社  2015
页数: 222页
开本: 23cm
丛书名:
单 册:
中图分类: K928.958.1
科图分类:
主题词: 旅游指南--Lu^ You Zhi Nan--台北
电子资源:
ISBN: 978-7-121-24629-6
000 00894nam0 2200229 450
001 340198
005 20150625150857.85
010    @a978-7-121-24629-6@dCNY48.00
100    @a20141202d2015 em y0chiy50 ea
101 0  @achi
102    @aCN@b110000
105    @aa z 000yy
106    @ar
200 1  @a漫步, 遇见地道的台北生活@AMan Bu , Yu Jian Di Dao De Tai Bei Sheng Huo@f叶锦鸿著
210    @a北京@c电子工业出版社@d2015
215    @a222页@c彩图@d23cm
330    @a本书是介绍轻松愉快的台湾徒步旅游书。作者带你逛仁爱路林荫大道、PEKOE杂货铺、东区茶街、宁夏街夜市、电影街和电影主题公园、 西门町美食街、台大、天母生活市集, 菜市场、吃蛋糕、吃小吃、喝和茶、咖啡、买当地特产, 等等, 走街串巷地体会当地的日常生活。
606 0  @a旅游指南@ALu^ You Zhi Nan@y台北
690    @aK928.958.1@v5
701  0 @a叶锦鸿@AYe Jin Hong@4著
801  0 @aCN@b卓展宏图@c20150525
905    @dK928.958.1@e884@f4
    
    漫步, 遇见地道的台北生活/叶锦鸿著.-北京:电子工业出版社,2015
    222页:彩图;23cm
    
    
    ISBN 978-7-121-24629-6:CNY48.00
    本书是介绍轻松愉快的台湾徒步旅游书。作者带你逛仁爱路林荫大道、PEKOE杂货铺、东区茶街、宁夏街夜市、电影街和电影主题公园、 西门町美食街、台大、天母生活市集, 菜市场、吃蛋糕、吃小吃、喝和茶、咖啡、买当地特产, 等等, 走街串巷地体会当地的日常生活。
●
相关链接 在E读中查询图书 在五车中查询图书 在当当中查询图书 在豆瓣中查询图书


正题名:漫步, 遇见地道的台北生活     索取号:K928.958.1/884         预约/预借

序号 登录号 条形码 馆藏地/架位号 状态 备注
1 864714   208647142   第二样本阅览室/ [索取号:K928.958.1/884] 在馆    
2 864715   208647151   密集书库-资源管理系/ [索取号:K928.958.1/884] 在馆    
3 864716   208647160   第二借阅区/ [索取号:K928.958.1/884] 在馆    
4 864717   208647179   第二借阅区/ [索取号:K928.958.1/884] 在馆    
唐山师范学院图书馆 欢迎您!
大连网信软件有限公司© 版权所有